Airplane Based Service Robots

Letové servisné roboty majú vlastnosti mechanizmu lietajúcich pilotov s pevným krídlom, a sú vybavené aktualizáciou aplikácie na vykonávanie požadovanej pracovnej úlohy. Mechanika pohybu. Letový servisný robot je koncepčne a konštrukčne odvodený z princípov leteckej technológie.

Guardado en:
Detalles Bibliográficos
Autor principal: Daneshjo, Naqibullah, 1964-
Otros Autores: Iľaščíková, Lucia, Korba, Peter
Formato: Capítulo de libro
Lenguaje:inglés
Materias:
Etiquetas: Agregar Etiqueta
Sin Etiquetas, Sea el primero en etiquetar este registro!

MARC

LEADER 00000naa a2200000 4500
001 0270272
005 20240502074231.9
041 0 |a eng 
044 |a SK 
245 1 0 |a Airplane Based Service Robots  |c Naqibullah Daneshjo, Lucia Iľaščíková, Peter Korba 
520 |a Letové servisné roboty majú vlastnosti mechanizmu lietajúcich pilotov s pevným krídlom, a sú vybavené aktualizáciou aplikácie na vykonávanie požadovanej pracovnej úlohy. Mechanika pohybu. Letový servisný robot je koncepčne a konštrukčne odvodený z princípov leteckej technológie. 
610 2 0 |a robotizácia 
610 2 0 |a doprava letecká 
610 2 0 |a lietadlá 
610 2 0 |a servis 
610 2 0 |a technológie nové 
100 1 |a Daneshjo, Naqibullah, 1964- 
700 1 |a Iľaščíková, Lucia 
700 1 |a Korba, Peter